5HLuxD.jpg

KING HENRY VIII SENIOR AND PRIMARY SCHOOL LIBRARY OPAC

A Circus Adventure (Record no. 5983)

000 -LEADER
fixed length control field 00661nam a22002057a 4500
005 - DATE AND TIME OF LATEST TRANSACTION
control field 20260108134732.0
008 - FIXED-LENGTH DATA ELEMENTS--GENERAL INFORMATION
fixed length control field 260108b ||||| |||| 00| 0 eng d
020 ## - INTERNATIONAL STANDARD BOOK NUMBER
International Standard Book Number 9781405254441
040 ## - CATALOGING SOURCE
Transcribing agency KH8
082 ## - DEWEY DECIMAL CLASSIFICATION NUMBER
Classification number 823.92 BEA
100 ## - MAIN ENTRY--PERSONAL NAME
Personal name Bearn,Emily
Relator term Author
245 ## - TITLE STATEMENT
Title A Circus Adventure
260 ## - PUBLICATION, DISTRIBUTION, ETC.
Place of publication, distribution, etc. 239 Kensington High Street,London W8 6SA
Name of publisher, distributor, etc. Egmont UK Limited
Date of publication, distribution, etc. 2010
300 ## - PHYSICAL DESCRIPTION
Extent 227 pages
Other physical details b illustration
Dimensions 12cm x 17cm
520 ## - SUMMARY, ETC.
Summary, etc. When General Marchmouse runs away in Arthur's toy bus, he gets a big surprise. A circus has arrived in the meadow!
650 ## - SUBJECT ADDED ENTRY--TOPICAL TERM
Topical term or geographic name entry element Juvenile Fiction
655 ## - INDEX TERM--GENRE/FORM
Genre/form data or focus term Animals
655 ## - INDEX TERM--GENRE/FORM
Genre/form data or focus term Literature
942 ## - ADDED ENTRY ELEMENTS (KOHA)
Source of classification or shelving scheme
Koha item type Books - Fiction
Holdings
Withdrawn status Lost status Source of classification or shelving scheme Damaged status Not for loan Collection code Permanent Location Current Location Shelving location Date acquired Full call number Barcode Date last seen Price effective from Koha item type Public note
          Fiction KH8 Primary School Library KH8 Primary School Library Fiction 2026-01-08 823.92 BEA KHPL000008051 2026-01-08 2026-01-08 Books - Fiction PRIMARY LIBRARY

Powered By KH8 IT Dept